000 00333nam a22001337a 4500
999 _c54970
_d54970
008 200203b ||||| |||| 00| 0 eng d
041 _aeng
080 _a043.3
082 _a043.3
100 _a0
101 _aMBE
245 _aAplikimi i Komponentëve të Promocionit Mix në Telekomin e Kosovës
_cKeqekolla,G
942 _2udc
_cBK